Principles of Banking
Guardado en:
| Autor principal: | |
|---|---|
| Formato: | Libro |
| Lenguaje: | inglés |
| Publicado: |
Washington
American Bankers Association
1988
|
| Edición: | 3. ed. |
| Etiquetas: |
Sin Etiquetas, Sea el primero en etiquetar este registro!
|
MARC
| LEADER | 00000nam a2200000 4500 | ||
|---|---|---|---|
| 001 | c023331 | ||
| 005 | 20221219120417.8 | ||
| 041 | 0 | |a eng | |
| 044 | |a US | ||
| 245 | 1 | 0 | |a Principles of Banking |c Eric N. Compton |
| 250 | |a 3. ed. | ||
| 264 | 1 | |a Washington |b American Bankers Association |c 1988 | |
| 300 | |a 403 s. | ||
| 100 | 1 | |a Compton, Eric N. | |